Panamá

Αποθηκεύτηκε σε:
Λεπτομέρειες βιβλιογραφικής εγγραφής
Συγγραφή απο Οργανισμό/Αρχή: FLACSO
Μορφή: Κείμενο
Έκδοση: San José: FLACSO
Ετικέτες: Προσθήκη ετικέτας
Δεν υπάρχουν, Καταχωρήστε ετικέτα πρώτοι!

MARC

LEADER 00000 a a2200000 04500
001 23973
003
040
090 |a 170103  
110 |a FLACSO  
245 |a Panamá  
260 |a San José:   |b FLACSO  
999 |c 15094  |d 15094